|
|
|
|
| LEADER |
02939nam a2200673 i 4500 |
| 001 |
nkc20172928306 |
| 003 |
CZ PrNK |
| 005 |
20180208104055.0 |
| 007 |
ta |
| 008 |
170822s2017 xr a f m 000 0 cze |
| 015 |
|
|
|a cnb002928306
|
| 020 |
|
|
|a 978-80-248-4074-1
|q (brožováno) :
|c neprodejné
|
| 035 |
|
|
|a (OCoLC)1028217066
|
| 040 |
|
|
|a BOA001
|b cze
|e rda
|
| 041 |
1 |
|
|a cze
|a eng
|b cze
|b eng
|h cze
|
| 072 |
|
7 |
|a 550
|x Geofyzika. Geochemie. Geobiologie. Užitá geologie
|2 Konspekt
|9 7
|
| 080 |
|
|
|a 551.14
|2 MRF
|
| 080 |
|
|
|a 550.82
|2 MRF
|
| 080 |
|
|
|a 550.83
|2 MRF
|
| 080 |
|
|
|a 551.3
|2 MRF
|
| 080 |
|
|
|a (043.3)
|2 MRF
|
| 080 |
|
|
|a (048.3)
|2 MRF
|
| 100 |
1 |
|
|a Wandrol, Ivo
|7 mzk2018978668
|4 dis
|
| 245 |
1 |
0 |
|a Modelování mechanického chování zemské kůry =
|b Modelling of mechanical behavior of the Earth's crust : disertační práce /
|c Ivo Wandrol
|
| 246 |
3 |
1 |
|a Modelling of mechanical behavior of the Earth's crust
|
| 250 |
|
|
|a 1. vydání
|
| 264 |
|
1 |
|a Ostrava :
|b VŠB - Technická univerzita Ostrava,
|c 2017
|
| 300 |
|
|
|a 47 stran :
|b ilustrace (převážně barevné) ;
|c 21 cm
|
| 336 |
|
|
|a text
|b txt
|2 rdacontent
|
| 337 |
|
|
|a bez média
|b n
|2 rdamedia
|
| 338 |
|
|
|a svazek
|b nc
|2 rdacarrier
|
| 490 |
1 |
|
|a Vědecké spisy Fakulty strojní. Autoreferáty disertačních prací ;
|v sv. 320
|
| 500 |
|
|
|a "Studijní program: P2301 Strojní inženýrství, studijní obor: 3901V003 Aplikovaná mechanika"
|
| 500 |
|
|
|a Autoreferát disertační práce (Ph.D.)--Vysoká škola báňská - Technická univerzita Ostrava, Fakulta strojní, katedra aplikované mechaniky, 2017
|
| 500 |
|
|
|a 21 výtisků
|
| 504 |
|
|
|a Obsahuje bibliografie
|
| 546 |
|
|
|a Částečně souběžný anglický text, české a anglické resumé
|
| 650 |
0 |
7 |
|a zemská kůra
|7 ph116754
|2 czenas
|
| 650 |
0 |
7 |
|a litosféra
|7 ph115160
|2 czenas
|
| 650 |
0 |
7 |
|a geomechanické monitorování
|7 ph134799
|2 czenas
|
| 650 |
0 |
7 |
|a geofyzikální monitorování
|7 ph134797
|2 czenas
|
| 650 |
0 |
7 |
|a exogenní geodynamika
|7 ph120102
|2 czenas
|
| 650 |
0 |
9 |
|a earth crust
|2 eczenas
|
| 650 |
0 |
9 |
|a lithosphere
|2 eczenas
|
| 650 |
0 |
9 |
|a geomechanic monitoring
|2 eczenas
|
| 650 |
0 |
9 |
|a geophysic monitoring
|2 eczenas
|
| 650 |
0 |
9 |
|a exogenous geodynamics
|2 eczenas
|
| 655 |
|
7 |
|a disertace
|7 fd132024
|2 czenas
|
| 655 |
|
7 |
|a teze
|7 fd133701
|2 czenas
|
| 655 |
|
9 |
|a dissertations
|2 eczenas
|
| 655 |
|
9 |
|a abstracts
|2 eczenas
|
| 710 |
2 |
|
|a Vysoká škola báňská - Technická univerzita Ostrava.
|b Katedra aplikované mechaniky
|7 osa2016907931
|4 isb
|
| 810 |
2 |
|
|a Vysoká škola báňská - Technická univerzita Ostrava.
|b Strojní fakulta.
|t Vědecké spisy.
|p Autoreferáty disertačních prací
|0 s
|
| 910 |
2 |
|
|a BOA001
|b 2-1402.313
|
| 928 |
9 |
|
|a Vysoká škola báňská - Technická univerzita Ostrava
|
| 990 |
|
|
|a BK
|
| 995 |
|
|
|a 01
|
| 991 |
|
|
|b 201801
|c NOV
|
| 996 |
6 |
|
|b 2610731477
|c 2-1402.313
|l MZK
|r Sklad / do 1 hodiny
|n 0
|p p.v.
|w 001647843
|u 000010
|a 1
|e BOA001
|j MZK50
|s P
|